Notes on medical bacteriology / (Record no. 3956)

000 -LEADER
fixed length control field 00686nam a22002291 4500
003 - CONTROL NUMBER IDENTIFIER
control field UkOxU
005 - DATE AND TIME OF LATEST TRANSACTION
control field 20220223061002.0
008 - FIXED-LENGTH DATA ELEMENTS--GENERAL INFORMATION
fixed length control field 921109s1986 stk 000 0 eng d
020 ## - INTERNATIONAL STANDARD BOOK NUMBER
International Standard Book Number 0443033277
040 ## - CATALOGING SOURCE
Transcribing agency ALUPE UNIVERSITY COLLEGE
050 ## - LIBRARY OF CONGRESS CALL NUMBER
Classification number QR46
Item number .N68 1986
092 ## - LOCALLY ASSIGNED DEWEY CALL NUMBER (OCLC)
Classification number D0501095175
245 00 - TITLE STATEMENT
Title Notes on medical bacteriology /
Statement of responsibility, etc. J. Douglas Sleigh, Morag C. Timbury.
250 ## - EDITION STATEMENT
Edition statement 2nd ed.
260 ## - PUBLICATION, DISTRIBUTION, ETC.
Place of publication, distribution, etc. Edinburgh :
Name of publisher, distributor, etc. Churchill Livingstone,
Date of publication, distribution, etc. c1986.
300 ## - PHYSICAL DESCRIPTION
Extent 403 p. ;
Dimensions 22 cm.
650 #0 - SUBJECT ADDED ENTRY--TOPICAL TERM
Topical term or geographic name entry element Medical bacteriology.
700 1# - ADDED ENTRY--PERSONAL NAME
Personal name Sleigh, J. Douglas.
700 1# - ADDED ENTRY--PERSONAL NAME
Personal name Timbury, Morag Crichton.
942 ## - ADDED ENTRY ELEMENTS (KOHA)
Source of classification or shelving scheme
Koha item type Book
Holdings
Withdrawn status Lost status Source of classification or shelving scheme Damaged status Not for loan Permanent Location Current Location Shelving location Date acquired Source of acquisition Total Checkouts Full call number Barcode Date last seen Date last checked out Price effective from Koha item type Public note
          AU LIBRARY AU LIBRARY Open Shelf 23.02.2022 DONATION FROM MOI UNIVERSITY 1 QR46 .N68 1986 28005470 04.05.2023 24.04.2023 23.02.2022 Book SM

Powered by Koha